उद्योग भारत (Record no. 402392)

MARC details
000 -LEADER
fixed length control field 00427nam a2200145Ia 4500
008 - FIXED-LENGTH DATA ELEMENTS--GENERAL INFORMATION
fixed length control field 100122s9999 xx 000 0 und d
082 ## - DEWEY DECIMAL CLASSIFICATION NUMBER
Item number 10810
Classification number 338.954
100 ## - MAIN ENTRY--PERSONAL NAME
Personal name लेले आनंद माधव
245 ## - TITLE STATEMENT
Title उद्योग भारत
260 ## - PUBLICATION, DISTRIBUTION, ETC. (IMPRINT)
Name of publisher, distributor, etc य.गो.जोशी
Date of publication, distribution, etc 1961
300 ## - PHYSICAL DESCRIPTION
Extent 138
630 ## - SUBJECT ADDED ENTRY--UNIFORM TITLE
Uniform title उद्योग भारत
730 ## - ADDED ENTRY--UNIFORM TITLE
Uniform title उद्योग भारत
942 ## - ADDED ENTRY ELEMENTS (KOHA)
Koha item type Book

No items available.